000
00278nam a22001217a 4500
008
170425b xxu||||| |||| 00| 0 eng d
041
_a
eng
080
_a
54
100
_a
12
101
_a
SHM
245
_a
THE CHEMISTRY NONAQUOUS SOLVENTS
_c
LAGOWSKI.J.J
942
_2
udc
_c
BK
999
_c
11923
_d
11923